000 002960000a22001330004500
003 MACL
040 _aMACL
090 _c4370
_d4369
100 _aSatija, M P
245 _aS R Rangannathan 1892-1972
260 _bEss Ess Publications
_c1992
650 _aLibrary & Information
942 _cBOOK
_k020
999 _c4336
_d4336